00974cas a22002297a 4500999001500000003000400015005001700019008004100036040001400077110006400091245021300155260005200368310001000420362001100430650003300441650002600474650003400500650004500534856005400579942001500633952009600648 c7818d7818OSt20231121142438.0161220c20089999spcau p s|||| 000 ||cat|d bcatcCDMR2 93914aUniversidad de Navarrab. Facultad de Comunicación 10aDigital News Report Españah[Recurs electrònic]c/ Universidad de Navarra. Facultad de Comunicación, en colaboración con el Instituto Reuters para el estudio del periodismo de la Universidad de Oxford a[Pamplona] :bUniversidad de Navarra, c2014 -  aAnual0 a2014 - 094470aComunicaciózEspanya 091545aPremsazEspanya 091720aRadiodifusiózEspanya 092084aComunicació audiovisualzEspanya40zAccés lliureuhttps://www.digitalnewsreport.es/ 2udccSER-E 00104070aCDMRbCDMRd2023-11-21l0oDisponible en líniar2023-11-21w2023-11-21ySER-E